Diameter increment and its dynamics in the course of vegetation period in submountain beech forest

Bibliographic Details
Main Authors: Ježík, Marek (Author), Voško, Milan (Author)
Format: Article
Language:Slovak
English
PhysicalDescription:Obr., tab.
ISSN:1335-342X
Subjects:

MARC

LEADER 00000nab a2200000 a 4500
001 vtls000802811
003 SK-MaSNL
005 20260304115106.0
008 250429c2002 xo 0 slo
015 |a SNBRB2002/08-24955 
035 |a CLN000154466 
035 |a urn:nbn:sk:snk-ab9y28 
035 |a (urnnbn)urn:nbn:sk:snk:ar-a0945l 
035 |a (uuid)4d2f77ac-be52-4d68-bdcc-228021286c53 
040 |a SNKBUCL  |b slo  |c SNKBUCL  |e AACR2 
041 0 |a eng 
044 |a xo  |c SK 
080 |a 630 1:630 52:582.632.2  |2 1997 
080 |a 582.632.2  |2 1997 
080 |a 630 52  |2 1997 
100 1 |a Ježík, Marek  |4 aut  |9 775072 
245 1 0 |a Diameter increment and its dynamics in the course of vegetation period in submountain beech forest  |c Marek Ježík, Milan Voško 
300 |b Obr., tab. 
504 |a Res. angl., slov. 
504 |a Bibliogr. odkazy 
650 0 7 |a buky  |2 SNKPH  |9 572806 
650 0 7 |a rast rastlín  |2 SNKPH  |9 29218 
655 7 |a články z novín a časopisov  |2 SNK  |9 267496 
700 1 |a Voško, Milan  |4 aut  |9 640042 
773 0 |t Ekológia  |g Roč. 21, č. 1 (2002), s. 50-60  |x 1335-342X 
850 |a Slovenská národná knižnica 
852 |a Slovenská národná knižnica 
958 |a article13 
958 |a OND 
958 |a NB 
958 |a EUIPO 
992 |a RBX 
999 |c 2874875  |d 2876805